000 00983nam a2200229Ii 4500
003 JO-AjNU
008 230605s9999||||xx |||||||||||||| ||und||
017 _a2004/5/1050
040 _aJO-AjNU
_bara
_erda
_cJO-AjNU
041 _aara
050 1 4 _aD208.Z296.2009
100 3 _aتأليف: الزيدي،مفيد,
_eauthor
_960346
245 0 0 _aموسوعة تاريخ اوروبا الحديث والمعاصر: تاريخ اوروبا في العصور الوسطى (476-1500)ج 1-2
250 _aالطبعة الثالثة
264 3 1 _aعمان: دار اسامة للنشر والتوزيع، 2009
300 _aج1-2 656ص
_b ويحتوي على قائمة مراجع وهوامش من ص648ص- 656ص
336 _atext
_btxt
_2rdacontent
337 _aunmediated
_bn
_2rdamedia
338 _avolume
_bnc
_2rdacarrier
490 0 _aموسوعة تاريخ اوروبا الحديث والمعاصر
650 4 _a العصر الحديث -اوروبا-تاريخ
_960347
999 _aA27206
_c30774
_d30774